01192nam a22003014a 4500001001200000003000800012006001900020007001500039008004100054010001700095020002300112040002100135035002100156050002600177082001700203100002100220245009900241260004400340300002500384504006500409533015200474650003900626650003400665655002900699710001700728856012600745999001900871ebr10103779CaPaEBRm u cr cn|||||||||031209s2004 nyua sb 001 0 eng  z 2003070257 z140393326X (cloth) aCaPaEBRcCaPaEBR a(OCoLC)55994212314aRA644.S17bF53 2004eb04a614.5/922221 aFidler, David P.10aSARSh[electronic resource] :bgovernance and the globalization of disease /cDavid P. Fidler. aNew York :bPalgrave Macmillan,cc2004. axvii, 219 p. :bill. aIncludes bibliographical references (p. 192-208). and index. aElectronic reproduction.bPalo Alto, Calif. :cebrary,d2013.nAvailable via World Wide Web.nAccess may be limited to ebrary affiliated libraries. 0aSARS (Disease)xGovernment policy. 0aSARS (Disease)xEpidemiology. 7aElectronic books.2local2 aebrary, Inc.40uhttp://site.ebrary.com/lib/rucke/Doc?id=10103779zAn electronic book accessible through the World Wide Web; click to view c206437d206437